01897nam a2200445 i 450000100060000000300080000600500170001400600190003100700150005000800410006502000280010602000180013403500220015204000310017405000250020508000140023008200140024410000240025824500540028226401310033630000410046733600310050833700330053933800430057249000410061550400420065658800680069859001620076660000770092860000650100560000770107060000690114763000260121663000300124265500250127279700180129783000420131585600770135799900170143420867FlNmELB20241216213859.0m o d | cr cnu||||||||190524s2014 sp ob 000 0 spa d a9783954872985q(e-book) z9788484898023 a(OCoLC)1105468960 aFINmELBbspaerdacFINmELB 4aPQ6358.B5bF495 2014 a821.134.20 a863.32231 aFine, Ruth,eautor.10aReescrituras bíblicas cervantinas /cRuth Fine. 1a[Pamplona, España] :bUniversidad de Navarra ;aMadrid [España] :bIberoamericana ;aFrankfurt am Main :bVervuert,c2014. a1 recurso en línea (279 páginas) atextobtxt2rdacontent/spa acomputadorabc2rdamedia/spa arecurso en líneabcr2rdacarrier/spa1 aBiblioteca Áurea hispánica ;v99 aIncluye referencias bibliográficas. aDescripción basada en el editor de metadatos y otras fuentes. aRecurso electrónico. Santa Fe, Arg.: elibro, 2019. Disponible vía World Wide Web. El acceso puede estar limitado para las bibliotecas afiliadas a elibro.10aCervantes Saavedra, Miguel de,d1547-1616xCriticism and interpretation.10aCervantes Saavedra, Miguel de,d1547-1616xKnowledgexBible.14aCervantes Saavedra, Miguel de,d1547-1616xCrítica e interpretación.14aCervantes Saavedra, Miguel de,d1547-1616xConocimientoxBiblia.00aBiblexIn literature.04aBibliaxEn la literatura. 4aLibros electronicos.2 aelibro, Corp. 0aBiblioteca Áurea hispánica ;v99.40uhttps://elibro.net/ereader/politecnicointernacional/37100zClick to View c20867d20867